000
00343nam a2200157Ia 4500
003
OSt
005
20240409160220.0
008
170524s9999 xx 000 0 und d
020
_a
978-0070701991
040
_c
iimtu
100
_a
Subrahmayam V
245
0
_a
Electric Drivers
260
_b
TMH New Delhi
260
_c
1994
942
_2
ddc
_c
02
999
_c
5516
_d
5516